| 000 | 01575nam0a2200349 4500 | ||
|---|---|---|---|
| 001 | RU\NLR\BIBL_A\022583861 | ||
| 005 | 20260122095712.0 | ||
| 010 |
_a978-5-389-27318-4 _93000 |
||
| 021 |
_aRU _bКН-П-25-030323 _9КН-П-25-2994 |
||
| 035 | _a(NLR Aleph) 022583861 | ||
| 090 |
_a13535287 _c13535287 |
||
| 100 | _a20250711d2025 m y0rusy50 ca | ||
| 101 | 1 |
_arus _cger |
|
| 102 | _aRU | ||
| 105 | _ay z 000ay | ||
| 181 | 0 |
_ai _bxxxe |
|
| 182 | 0 | _an | |
| 200 | 1 |
_aДругой мужчина и другие романы и рассказы _fБернхард Шлинк _gперевод с немецкого Бориса Хлебникова [и др.] |
|
| 203 |
_aТекст _bвизуальный _cнепосредственный |
||
| 210 |
_aМосква _cАзбука-Аттикус, Иностранка _d2025 |
||
| 215 |
_a669, [1] c. _d22 |
||
| 225 | 1 | _aБольшой роман | |
| 320 | _aДругие кн. авт.: с. 2 | ||
| 327 | 1 | _aСодерж.: романы: Возвращение ; Три дня ; сб. рассказов "Дезертиры любви": Девочка с ящеркой ; Другой мужчина ; Измена ; Сладкий горошек ; Обрезание ; Сын ; Женщина при бензоколонке | |
| 333 | _a18+ | ||
| 686 | 1 | _aШ6(4Ф)07-440.4{Лх1359.2-50} | |
| 700 | 1 |
_aШлинк _bБ. _f1944- _gБернхард _3RU\NLR\AUTH\770204827 |
|
| 942 | _cBOOK | ||
| 980 | _aNB | ||